000 00442nam a2200145 a 4500
001 000030302
005 20200930060220.0
008 110509s1985 dr a 000 0 spa d
040 _aDO-SdBNP
_bspa
_cBNPHU
082 _axxx
_bN897c
245 0 0 _aNosotras y el cambio en la comunidad.
260 _aSanto Domingo :
_bCentro de Solidaridad para el Desarrollo de la Mujer (CE-MUJER),
_c1985.
300 _a36 p. :
_bil. ;
_c29 cm.
049 _aBNPD
999 _c29794
_d29794